| 000 | 00780nam a22002537a 4500 | ||
|---|---|---|---|
| 003 | CHAP | ||
| 005 | 20220817042939.0 | ||
| 008 | 971013s1963 r 00010 d | ||
| 010 | _a60858 | ||
| 011 | _a61830 | ||
| 035 | _a65998 | ||
| 040 | _cCHAP | ||
| 082 |
_a378.34 _bM4 1963 |
||
| 110 | _aMéxico. Dirección General de Planeación Educativa | ||
| 245 | _aGuía de becas en el extranjero para estudiantes y graduados mexicanos | ||
| 260 |
_aMéxico, D.F. : _bLa Secretaría, _c1963 |
||
| 300 | _a761 p. | ||
| 590 |
_aBATCH-UPD _b10 _c20130110 _lUCH01 _h2230 |
||
| 590 |
_aCONVERSION _b10 _c20130109 _lUCH01 _h1333 |
||
| 650 | 1 | 4 |
_aBecas _xDirectorios. _911117 |
| 901 | _aBK | ||
| 942 | _cLIBRO | ||
| 949 |
_a378.34 M4 1963 _bBC _cLIBRO _d33724000514220 _eLIBRO _h40620 _i65998 _si |
||
| 999 |
_c60858 _d60858 |
||